000 00812nam a22002657a 4500
003 OSt
005 20180116192412.0
008 121206t2000 xxu||||| |||| 00| 0 eng d
020 _a0500282323
020 _a 9780500282328
040 _c0
082 _a724.6
100 1 _aSmith, Elizabeth A. T.,
_96044
245 1 0 _aTechno architecture/
_cElizabeth A.T. Smith.
260 _aNew York :
_bThames & Hudson,
_c2000.
300 _a128 p. :
_bill. (some col.) ;
_c25 cm.
490 1 _a4x4 series.
490 1 _aFour x Four series.
650 _aArchitecture, Modern
_96045
650 _aArchitecture and technology
_96046
650 _aTEN Arquitectos (Firm)
_96047
650 _aJones, Partners Architecture
_96048
942 _2ddc
_cBK
999 _c353576
_d353576